00796 2200325 4500001002100000005001500021035002000036245005500056100001800111300002800129260003700157082000800194084001400202020002200216990001600238990001200254990001200266990001600278990001600294990001600310990001600326990001600342990001600358990001600374990001600390990001600406990001600422990001600438990001600454INLIS00000000000292620250911032306 a0010-09250002731 aMenjelajah Dunia Biologi Kelas XI /cSri Pujiyanto0 aSri Pujiyanto a282 hlm ;c20 x 25,5 cm aJakarta :bTiga Serangkai,c2025 a574 a574 SRI m a978-623-269-869-7 a19.908/B/26 a0755116 a0755117 a19.909/B/26 a19.910/B/26 a19.911/B/26 a19.912/B/26 a19.913/B/26 a19.914/B/26 a19.915/B/26 a19.916/B/26 a19.917/B/26 a19.918/B/26 a19.919/B/26 a19.920/B/26